000 00713nam a22002537a 4500
005 20250620184032.0
008 250620s1979 mx ||||gr|||| 001 0 spa d
020 _a91-27-69304-X
040 _bspa
041 _aspa
_hsw
082 0 4 _2468 /
_aL56
100 _aLLOBET, ANN- MARIE
245 _aEN CAMINO 2
260 _aSUECIA :
_bNATUR OCH KULTUR ,
_c1979 .
300 _a256 páginas ,
_b23 cm x 17 cm
336 _2rdacontent
_atexto
_btxt
337 _2rdamedia
_asin mediación
_bn
338 _2rdacarrier
_avolumen
_bnc
650 _2LENGUAS
650 _2LENGUAS ESPAÑOLA Y PORTUGUESA
650 _2USO DEL ESPAÑOL ESTÁNDAR
700 _aLANE, INGRID
_bTRADUCTOR
942 _2ddc
_cGENERAL
999 _c67752
_d67752